📖 150premiers mots"Des jeunes y entrent,des fauves en sortent"Gilbert - Statistiques

Statistiques générales
  • Ce quiz a Ă©tĂ© pris 46 fois
  • Le rĂ©sultat moyen est 28 sur 150
Statistiques - réponses
Mots % Correct
À
66%
a
66%
Ă 
66%
s'
59%
"C'
54%
l'
51%
L'
51%
m'
51%
Thoiry
46%
j'
39%
de
37%
La
29%
la
29%
les
29%
des
27%
en
27%
En
27%
ou
27%
et
24%
Il
24%
il
24%
jour
24%
mais
24%
Mais
24%
qu'
24%
Un
24%
un,
24%
un
24%
une
24%
elles
22%
est
22%
ils
22%
jeunes.
22%
On
22%
on
22%
sont
22%
fauves,
20%
par
20%
plus
20%
pour
20%
que
20%
zoo
20%
avec
17%
dans
17%
dit :
17%
du
17%
Nous,
17%
prison.
17%
prison,
17%
au
15%
étais
15%
leur
15%
ont
15%
Tous
15%
aux
12%
cage
12%
fin,
12%
juste
12%
juste.
12%
lions
12%
sorti
12%
bĂȘtes
10%
bĂȘtes,
10%
comme
10%
enfin
10%
mĂȘme
10%
aime
7%
espace,
7%
fout
7%
girafes.
7%
Ici
7%
quatre
7%
Rien
7%
rond
7%
sauf
7%
trois
7%
allait
5%
cages
5%
éléphants,
5%
humains.
5%
liberté
5%
liberté.
5%
ours
5%
passant
5%
taule,
5%
tourne
5%
visite
5%
aperçoit
2%
besoin
2%
croupissent
2%
France
2%
mĂštres
2%
sauvages
2%
ajouter.
0%
analyse
0%
carrés.
0%
dangereuses,
0%
délabrées."
0%
Depuis
0%
dingue.
0%
douze ...
0%
épanouir.
0%
espaces
0%
extasiaient.
0%
mille
0%
minuscules,
0%
passionnait.
0%
pays,
0%
quarante
0%
restait
0%
sentiment
0%
songeur.
0%
taulards
0%
trouve
0%
ultramodernes
0%
Aucun quiz correspondant
Distribution des résultats
% des personnes avec chaque résultat
Percentile par nombre de réponses
Votre historique - résultats
Vous n’avez pas pris ce quiz